000 00463nam a2200181Ia 4500
001 25338
005 20260414151143.0
008 260414t2019||||xx |||||||||||||| ||spa||
041 _aESP
082 _a346.5
_bB34
100 _aBech Serrat, Josep Maria
_eAUT
245 0 _aEl enriquecimiento injustificado en el ámbito del contrato
_b
260 _c2019
300 _a408 páginas :
_c24 cm.
650 _aDER
654 _aCDE
942 _cLIB
_dJUS
_fJUS
_2ddc
_n
999 _c25338
_d25338